000 006600000a22001810004500
003 MACL
005 20160513122052.0
008 160513b xxu||||| |||| 00| 0 eng d
040 _aMACL
_cMACL
041 _aHindi
082 _a891.431 SIN
100 _aसिंह, तेज
_955238
245 _aआज का समय
_bसमकालीन दलित कवियों की कविताओं का संकलन
_cतेज सिंह
260 _bसंगीता प्रकाशन
_c2002
_aनई दिल्‍ली
350 _a150
650 _aIndian Literature (Poetry)
_942388
942 _cHIN
_k891.431/SIN/P
_2ddc
999 _c19103
_d19103